000 01884cam a22002774a 4500
001 16877055
003 NUST - PNEC
005 20170116181200.0
008 110718s2012 nyua 001 0 eng
010 _a 2011025431
016 7 _a015836405
020 _a9780071770163 (pbk.)
020 _a007177016X (pbk.)
040 _cLIBRARY
082 0 0 _a621.3192
100 1 _aFowler, Nick.
245 1 0 _aElectrician's calculations manual
_cNick Fowler
250 _a2nd ed.
260 _aNew York :
_bMcGraw-Hill,
_cc2012.
300 _ax, 259 p. :
_bill. ;
_c23 cm.
520 _a"THE ULTIMATE ON-THE-JOB COMPANION--FULLY UPDATEDThoroughly revised to reflect the 2011 National Electrical Code (NEC) and the latest industry advances, Electrician's Calculations Manual, Second Edition gives you quick access to the basic calculations needed for any given job. The book also serves as an ideal review for license preparation. End-of-chapter questions plus an end-of-book final test help reinforce the material covered. Written by a Master Electrician with more than 40 years of experience, this practical guide helps you: Find answers for both AC and DC circuits Solve problems related to motor circuits and transformers Calculate single-dwelling and multifamily loads Accurately figure requirements for commercial jobs Perform conduit-bending math Handle service entrance problems Understand the math behind electrical solutions And much more "--
520 _a"This handy book is the perfect go-to toolbox companion for quick access to the formulas and examples that electricians need to solve on-the-job problems"--
650 0 _aElectrical engineering
_vProblems, exercises, etc.
_xEE / EL
856 _uhttp://www.amazon.com/Electricians-Calculations-Manual-Second-Fowler/dp/007177016X/ref=sr_1_1?ie=UTF8&qid=1454998440&sr=8-1&keywords=9780071770163
942 _2ddc
_cBK
999 _c71418
_d71418